01491 a2200217 45000010006000000050017000060080041000230030015000640400040000790800032001192450097001512640073002483000018003215050623003390410008009621000078009707000064010487000011011127000051011238560099011744492820260407155724.0260407a2009 arg spa dAR-UNSa-BCEJYS aAR-UNSa-BCEJYSbspacAR-UNSa-BCEJYS a331-053.2xTrabajo Infantil10aManual para la constitución del observatorio regional sobre trabajo infantil y adolescente 1aBuenos Aires :bObservatorio de Trabajo Infantil y Adolescentec2009 a75 p.c29 cm. a1. Programa Conjunto de Apoyo al Plan Nacional para la Prevención y Erradicación del Trabajo Infantil - 2. Comisión Nacional para la Erradicación del Trabajo Infantil-CONAETI - 3. Comisión Provincial para la Erradicación del Trabajo Infantil-COPRETI - 4. Observatorio Nacional de Trabajo Infantil y Adolescentes-OTIA - 5. Sistema integral de información permanente sobre trabajo infantil - 6. Constitución de Observatorios Regionales/Provinciales de Trabajo Infantil y Adolescentes-OPTIA - 7. Pasos pasa la creación del OPTIA - 8. Líneas de acción del OPTIA - 9. El/la administrador/a del OPTIA.  aspa1 aComisión Nacional para la Erradicación del Trabajo Infantil (CONAETI)1 aArgentina. Ministerio de Trabajo, Empleo y Seguridad Social1 aUNICEF1 aOrganización Internacional del Trabajo (OIT)41uhttps://www.biblioeco.unsa.edu.ar/pmb/images/libros/L127051.jpgyImagen de portadaqimage/jpeg